Antennas and Propagation for Wireless Communication Systems (Record no. 33656)
[ view plain ]
| 000 -LEADER | |
|---|---|
| fixed length control field | 00510nam a22001937a 4500 |
| 005 - DATE AND TIME OF LATEST TRANSACTION | |
| control field | 20231005114758.0 |
| 008 - FIXED-LENGTH DATA ELEMENTS--GENERAL INFORMATION | |
| fixed length control field | 230920b |||||||| |||| 00| 0 eng d |
| 020 ## - INTERNATIONAL STANDARD BOOK NUMBER | |
| ISBN | 9788126518333 |
| 082 ## - DEWEY DECIMAL CLASSIFICATION NUMBER | |
| Classification number | 621.38413 |
| Item number | SAU |
| 100 ## - MAIN ENTRY--AUTHOR | |
| Author Name | Saunders,Simon R |
| 245 ## - TITLE STATEMENT | |
| Title | Antennas and Propagation for Wireless Communication Systems |
| 250 ## - EDITION STATEMENT | |
| Edition statement | 2nd ed. |
| 260 ## - PUBLICATION, DISTRIBUTION, ETC. | |
| Place of Publication | India |
| Name of publisher, distributor, etc. | Wiley |
| Date of publication, distribution, etc. | 2008 |
| 300 ## - PHYSICAL DESCRIPTION | |
| Pages | 524 |
| 500 ## - GENERAL NOTE | |
| General note | Include Index |
| 650 ## - SUBJECT ADDED ENTRY--TOPICAL TERM | |
| Subject / Department | Engineering / Electronics |
| 700 ## - ADDED ENTRY--PERSONAL NAME | |
| Personal name | Simon R.Saunders |
| 952 ## - LOCATION AND ITEM INFORMATION (KOHA) | |
| -- | 0 |
| -- | 0 |
| Lost status | Damaged status | Collection code | Permanent Location | Current Location | Shelving Location | Date acquired | Full Call Number | Accession No./Barcode | Date last seen | item type |
|---|---|---|---|---|---|---|---|---|---|---|
| Engineering | Superior Information Resource Center (SIRC) Superior University- Main Campus | Superior Information Resource Center (SIRC) Superior University- Main Campus | Engineering | 09/20/2023 | 621.384 SAU-A 2008 | 20559 | 09/20/2023 | BOOK |
